[Event "34th Asia-ch U20"]
[Site "Tashkent UZB"]
[Date "2012.05.30"]
[Round "1.1"]
[White "Saiyn, Zhanat"]
[Black "Vakhidov, Jahongir"]
[Result "0-1"]
[WhiteElo "2180"]
[BlackElo "2439"]
[EventDate "2012.05.30"]
[PlyCount "88"]

1.d4 g6 2.Nf3 Bg7 3.c4 d6 4.Nc3 Nf6 5.Bg5 O-O 6.e3 c6 7.Bd3 Na6 8.O-O Qe8 
9.a3 Nc7 10.b4 e5 11.Qc2 Bg4 12.Nd2 exd4 13.exd4 d5 14.c5 Bd7 15.Nf3 Ne6 
16.Bd2 Qb8 17.Ne2 Re8 18.Ng3 Ng4 19.Bc3 Qf4 20.Bd2 Qc7 21.Bc3 f5 22.Rfe1 
Nf6 23.Ne5 Ne4 24.Nxd7 Nxc3 25.Qxc3 Nxd4 26.Rxe8+ Rxe8 27.Re1 Qxd7 28.
Rxe8+ Qxe8 29.Qd2 Qe5 30.Qd1 Ne6 31.Nf1 Qc3 32.Ne3 Qxa3 33.g4 f4 34.Nc4 
Qa1 35.Qxa1 Bxa1 36.Na5 Bc3 37.Nxb7 Bxb4 38.Bc2 Nd4 39.Ba4 a5 40.Kf1 Kf8 
41.Nd8 Bxc5 42.Nxc6 Nf3 43.Ke2 Ng1+ 44.Kf1 Nf3 0-1

[Event "34th Asia-ch U20"]
[Site "Tashkent UZB"]
[Date "2012.05.30"]
[Round "1.3"]
[White "Sapaev, Maksad"]
[Black "Ankit, R. Rajpara"]
[Result "1/2-1/2"]
[WhiteElo "2147"]
[BlackElo "2412"]
[EventDate "2012.05.30"]
[PlyCount "61"]

1.e4 c6 2.d4 d5 3.e5 Bf5 4.Nf3 e6 5.Be2 c5 6.O-O Nc6 7.Be3 cxd4 8.Nxd4 
Nge7 9.f4 Nxd4 10.Bxd4 Nc6 11.Bf2 Be7 12.Nd2 O-O 13.c4 Nb4 14.Qb3 a5 15.a3
dxc4 16.Nxc4 Nd5 17.Qf3 Bc2 18.Rac1 Ba4 19.Bd3 g6 20.Be4 Bc6 21.Rfd1 f5 
22.exf6 Bxf6 23.g3 Qe7 24.Qe2 Rfe8 25.Bg2 Qg7 26.Ne5 Bxe5 27.Qxe5 Qxe5 28.
fxe5 Ne7 29.Bc5 Bxg2 30.Bxe7 Bf3 31.Rd7 1/2-1/2

[Event "34th Asia-ch U20"]
[Site "Tashkent UZB"]
[Date "2012.05.30"]
[Round "1.5"]
[White "Khudoykulov, Nuriddin"]
[Black "Khoroshev, Nikita"]
[Result "0-1"]
[WhiteElo "2023"]
[BlackElo "2319"]
[EventDate "2012.05.30"]
[PlyCount "190"]

1.e4 e5 2.Nf3 Nc6 3.Bb5 Nf6 4.O-O Nxe4 5.d4 Nd6 6.Bxc6 dxc6 7.dxe5 Nf5 8.
Qxd8+ Kxd8 9.Nc3 Ke8 10.Bf4 h6 11.h3 Ne7 12.Rfd1 Ng6 13.Be3 Bb4 14.Ne2 Be7
15.c4 a5 16.a4 Be6 17.Rac1 c5 18.b3 Rd8 19.Bd2 b6 20.Ng3 h5 21.Bc3 h4 22.
Ne2 Bf5 23.Rxd8+ Kxd8 24.Rd1+ Kc8 25.Ne1 Bg5 26.Kf1 Re8 27.Ng1 Bd8 28.Ngf3
Nf4 29.Rd2 g5 30.Nh2 Re7 31.Ng4 Rd7 32.Ne3 Rxd2 33.Bxd2 Bb1 34.N1c2 Ng6 
35.Bc3 Kd7 36.Na1 Ke6 37.Ke2 Nxe5 38.Nec2 Ng6 39.Ne3 Nf4+ 40.Kd2 Be4 41.f3
Bc6 42.Nac2 f5 43.Ne1 Be7 44.Nd3 Ng6 45.Nc1 Bd6 46.Ne2 Bb7 47.Ke1 Ne7 48.
Kd2 Kf7 49.Kd3 Bc8 50.Be1 Ng6 51.Nd5 Be6 52.Ne3 Ne5+ 53.Kc2 Nc6 54.Bc3 Bf8
55.Nd1 Be7 56.Ne3 Bd8 57.Kd2 Be7 58.Nc1 Bf6 59.Ne2 Nd4 60.Bxd4 cxd4 61.Nc2
c5 62.Ne1 Bd7 63.Nd3 Bc6 64.Ke1 Ke6 65.Kf2 Be7 66.Ndc1 Bd6 67.Nd3 Kf6 68.
Ndc1 Be8 69.Nd3 Bg6 70.Nb2 Bf7 71.Nd3 g4 72.Nec1 Be6 73.Kf1 Bf8 74.Kf2 Bh6
75.f4 Bf8 76.Ne5 Bh6 77.Ned3 Bc8 78.Kf1 Bb7 79.Kf2 Be4 80.Kf1 Ke6 81.Kg1 
Bf8 82.Kf2 Bd6 83.Kf1 Bc6 84.Kf2 Kf6 85.Kf1 Bd7 86.Kf2 Be6 87.Kf1 Ke7 88.
Kf2 Kd7 89.Ne2 Kc7 90.Kf1 b5 91.axb5 a4 92.bxa4 Bxc4 93.Nb2 Bd5 94.Kf2 g3+
95.Kf1 Kb6 0-1

[Event "34th Asia-ch U20"]
[Site "Tashkent UZB"]
[Date "2012.05.30"]
[Round "1.8"]
[White "Karayev, Assylkhan"]
[Black "Yakubboev, Nodirbek"]
[Result "1-0"]
[WhiteElo "2276"]
[BlackElo "1909"]
[EventDate "2012.05.30"]
[PlyCount "59"]

1.b3 d5 2.e3 c5 3.Bb2 Nc6 4.f4 e6 5.Nf3 Nf6 6.Bb5 Bd7 7.O-O Bd6 8.d3 a6 9.
Bxc6 Bxc6 10.Ne5 Qc7 11.Nd2 O-O-O 12.Qe2 Rhg8 13.c4 h6 14.Rac1 d4 15.exd4 
cxd4 16.c5 Bf8 17.Ndc4 Kb8 18.Nxc6+ Qxc6 19.Ne5 Qc7 20.c6 b6 21.Qf2 Bc5 
22.a3 Rd5 23.b4 Be7 24.Bxd4 Ka7 25.Nd7 Nxd7 26.cxd7 Qb7 27.Bxb6+ Ka8 28.
Rc7 Bh4 29.g3 Bxg3 30.hxg3 1-0

[Event "34th Asia-ch U20"]
[Site "Tashkent UZB"]
[Date "2012.05.30"]
[Round "1.9"]
[White "Shavdirov, Jahongir"]
[Black "Akhmetov, Ayan"]
[Result "0-1"]
[WhiteElo "1903"]
[BlackElo "2264"]
[EventDate "2012.05.30"]
[PlyCount "84"]

1.c4 e5 2.g3 d6 3.Nc3 f5 4.Bg2 Nf6 5.d3 Be7 6.f4 c6 7.Nf3 Qc7 8.O-O O-O 9.
b3 Na6 10.e3 Nc5 11.b4 Nxd3 12.Qxd3 e4 13.Qd4 exf3 14.Bxf3 Rd8 15.Bb2 Be6 
16.Rac1 Qb6 17.b5 Qxd4 18.exd4 Bxc4 19.Rfe1 Bf8 20.bxc6 bxc6 21.Bxc6 Rab8 
22.Ba3 d5 23.Bxf8 Kxf8 24.Rb1 Rxb1 25.Rxb1 Ne4 26.Nd1 Nd2 27.Rb7 Nf3+ 28.
Kg2 Nxd4 29.Bd7 a6 30.a4 Bd3 31.Nc3 Be4+ 32.Kf2 Nc2 33.Bc6 Nd4 34.Bd7 Nc2 
35.Bc6 Rd6 36.Rb8+ Ke7 37.Ba8 Nd4 38.Rb7+ Kf6 39.a5 Ne6 40.Rb6 Ke7 41.Bb7 
Nc5 42.Ne2 Rxb6 0-1

[Event "34th Asia-ch U20"]
[Site "Tashkent UZB"]
[Date "2012.05.30"]
[Round "1.11"]
[White "Saydaliev, Saidakbar"]
[Black "Begmuratov, Alisher"]
[Result "1/2-1/2"]
[WhiteElo "1867"]
[BlackElo "2249"]
[EventDate "2012.05.30"]
[PlyCount "135"]

1.Nf3 e6 2.g3 Nf6 3.Bg2 d5 4.b3 Bd6 5.Bb2 Nbd7 6.c4 c6 7.O-O O-O 8.d3 Re8 
9.Nbd2 e5 10.cxd5 cxd5 11.Rc1 b6 12.Rc2 Ba6 13.Re1 Qe7 14.Qa1 g6 15.Nf1 
Rac8 16.Rec1 Rc5 17.Ne3 Rec8 18.Rxc5 bxc5 19.Nd2 Nb6 20.a4 Qe6 21.Nf3 d4 
22.Nc4 Nxc4 23.bxc4 Qe8 24.Nd2 Rb8 25.Rb1 Rb4 26.a5 e4 27.Nxe4 Nxe4 28.
Bxe4 Qb8 29.Kg2 Bb7 30.Bxb7 Qxb7+ 31.f3 Bf8 32.Kf2 Bh6 33.Ke1 Rb3 34.Kd1 
Rb4 35.Kc2 Qe7 36.Kd1 Qb7 37.Kc2 Qe7 38.Kd1 Qe8 39.Bc1 Bxc1 40.Rxb4 cxb4 
41.Kxc1 Qe3+ 42.Kc2 Qxe2+ 43.Kb3 Qxd3+ 44.Kxb4 a6 45.Qe1 Qxf3 46.Qe8+ Kg7 
47.Qe5+ Qf6 48.Qd5 Qf2 49.Qe5+ f6 50.Qc7+ Kh6 51.Qf4+ Qxf4 52.gxf4 Kg7 53.
c5 Kf7 54.Kc4 Ke6 55.Kxd4 g5 56.fxg5 fxg5 57.Ke4 g4 58.Kf4 Kd5 59.Kxg4 
Kxc5 60.h4 Kb5 61.h5 Kxa5 62.Kg5 Kb5 63.h6 a5 64.Kf6 a4 65.Kg7 a3 66.Kxh7 
a2 67.Kg8 a1=Q 68.h7 1/2-1/2

[Event "34th Asia-ch U20"]
[Site "Tashkent UZB"]
[Date "2012.05.31"]
[Round "2.2"]
[White "Alikulov, Elbek"]
[Black "Swayams, Mishra"]
[Result "1-0"]
[WhiteElo "2249"]
[BlackElo "2420"]
[EventDate "2012.05.30"]
[PlyCount "159"]

1.e4 e6 2.d4 d5 3.Nc3 Nf6 4.Bg5 Bb4 5.e5 h6 6.Bc1 Ne4 7.Qg4 g6 8.Ne2 c5 9.
a3 Bxc3+ 10.Nxc3 Nxc3 11.bxc3 Nc6 12.Bd3 Qb6 13.O-O cxd4 14.Qf4 dxc3 15.
Qf6 Rh7 16.Re1 Qd8 17.Qf4 Bd7 18.Rb1 b6 19.h4 Qe7 20.Rb3 d4 21.a4 Nb4 22.
Ba3 a5 23.Qxd4 Qc5 24.Qxc5 bxc5 25.Rxc3 Rc8 26.Bb5 Rh8 27.Re4 Bxb5 28.axb5
Kd7 29.Rec4 Rc7 30.b6 Rc6 31.Rxc5 Rxc5 32.Rxc5 Nc6 33.Rb5 Rb8 34.Bd6 Rb7 
35.c3 f6 36.f4 fxe5 37.fxe5 Ne7 38.Bxe7 Kxe7 39.c4 a4 40.c5 Kd7 41.Ra5 Kc6
42.Kf2 a3 43.Ke3 a2 44.Rxa2 Kxc5 45.Ra8 Rxb6 46.Rg8 Rb3+ 47.Kf4 Rb4+ 48.
Kg3 Rb3+ 49.Kh2 Rb4 50.Rxg6 Rxh4+ 51.Kg3 Rh5 52.Rxe6 Kd5 53.Ra6 Rg5+ 54.
Kf4 Rxg2 55.Rd6+ Kc5 56.Rxh6 Rf2+ 57.Ke4 Re2+ 58.Kf5 Rf2+ 59.Ke6 Ra2 60.
Rh1 Rd2 61.Ke7 Kd5 62.e6 Re2 63.Rd1+ Ke5 64.Kd7 Kf6 65.Rf1+ Kg7 66.e7 Rd2+
67.Ke8 Rd3 68.Rf7+ Kg8 69.Rf5 Kg7 70.Rg5+ Kf6 71.Rg1 Rh3 72.Rf1+ Kg7 73.
Rd1 Ra3 74.Rg1+ Kh7 75.Rg5 Kh8 76.Rd5 Kg7 77.Kd7 Ra7+ 78.Ke6 Ra6+ 79.Rd6 
Ra8 80.Rd8 1-0

[Event "34th Asia-ch U20"]
[Site "Tashkent UZB"]
[Date "2012.05.31"]
[Round "2.4"]
[White "Khoroshev, Nikita"]
[Black "Igonin, Temur"]
[Result "1-0"]
[WhiteElo "2319"]
[BlackElo "1917"]
[EventDate "2012.05.30"]
[PlyCount "65"]

1.d4 d5 2.Nf3 Nf6 3.g3 Bf5 4.Bg2 h6 5.O-O e6 6.c4 c6 7.Nc3 Bd6 8.Qb3 Qb6 
9.c5 Qxb3 10.axb3 Bc7 11.b4 Ne4 12.Nd2 Nxc3 13.bxc3 Nd7 14.c4 Nf6 15.b5 
Kd7 16.f3 a6 17.e4 Bg6 18.b6 Bd8 19.Re1 Be7 20.cxd5 exd5 21.Nb3 dxe4 22.
fxe4 h5 23.Bg5 Rad8 24.d5 Ng4 25.Bxe7 Kxe7 26.Na5 Ne5 27.Nxb7 Rd7 28.Na5 
Nd3 29.Bh3 Nxe1 30.Rxe1 f5 31.exf5+ Kf8 32.fxg6 Rxd5 33.Nxc6 1-0

[Event "34th Asia-ch U20"]
[Site "Tashkent UZB"]
[Date "2012.05.31"]
[Round "2.8"]
[White "Ankit, R. Rajpara"]
[Black "Saydaliev, Saidakbar"]
[Result "1-0"]
[WhiteElo "2412"]
[BlackElo "1867"]
[EventDate "2012.05.30"]
[PlyCount "95"]

1.e4 c5 2.c3 e6 3.d4 d5 4.exd5 exd5 5.Nf3 Nc6 6.Bb5 Bd6 7.O-O Ne7 8.dxc5 
Bxc5 9.Nbd2 O-O 10.Nb3 Bd6 11.Bg5 f6 12.Bh4 Bg4 13.Be2 Qc7 14.Bg3 Bxg3 15.
hxg3 Bh5 16.Re1 Bf7 17.Qd2 Ne5 18.Rad1 Rad8 19.Nbd4 N7c6 20.Bd3 Rfe8 21.
Qc2 Nxd3 22.Qxd3 Ne5 23.Qc2 Bg6 24.Qb3 a6 25.Rd2 Nxf3+ 26.Nxf3 Rxe1+ 27.
Nxe1 Bf7 28.Qd1 Qc4 29.a3 a5 30.Nc2 b5 31.Ne3 Qc5 32.Rd4 g6 33.Qd2 Kg7 34.
Rh4 h5 35.Rd4 Qd6 36.c4 bxc4 37.Nxc4 Qc5 38.Nxa5 Re8 39.Nb3 Qb5 40.Nc1 Qc5
41.Rd3 Qb5 42.Ne2 Rb8 43.b4 Qc4 44.Rc3 Qe4 45.Nd4 Re8 46.Re3 Qb1+ 47.Kh2 
Rc8 48.Re1 1-0

[Event "34th Asia-ch U20"]
[Site "Tashkent UZB"]
[Date "2012.05.31"]
[Round "2.9"]
[White "Begmuratov, Alisher"]
[Black "Sapaev, Maksad"]
[Result "1-0"]
[WhiteElo "2249"]
[BlackElo "2147"]
[EventDate "2012.05.30"]
[PlyCount "85"]

1.e4 d6 2.Nf3 Nf6 3.e5 dxe5 4.Nxe5 Nbd7 5.Nxd7 Bxd7 6.Be2 Bc6 7.O-O e5 8.
d3 Be7 9.Nc3 Qd6 10.Bf3 O-O-O 11.Be3 Kb8 12.a4 Nd5 13.Bxd5 Bxd5 14.Bxa7+ 
Ka8 15.Nxd5 Qxd5 16.Be3 Rd6 17.f4 exf4 18.Bxf4 Rg6 19.Qd2 Rd8 20.Kh1 Bd6 
21.Rad1 b6 22.a5 bxa5 23.Ra1 Bb4 24.c3 Bd6 25.c4 Qc6 26.Bxd6 Rdxd6 27.Rxf7
Kb7 28.Rf3 Qxc4 29.Qxa5 Qa6 30.Qxa6+ Rxa6 31.Rxa6 Rxa6 32.h3 Rb6 33.Rf7 
Rg6 34.Kg1 Kc6 35.Kf2 Kd6 36.Kf3 c5 37.g4 Ke6 38.Rb7 Ke5 39.h4 h5 40.g5 
Rd6 41.Ke3 g6 42.Rb5 Rd5 43.Rxc5 1-0

[Event "34th Asia-ch U20"]
[Site "Tashkent UZB"]
[Date "2012.05.31"]
[Round "2.10"]
[White "Artemenko, Oleg"]
[Black "Khudoykulov, Nuriddin"]
[Result "1/2-1/2"]
[WhiteElo "2298"]
[BlackElo "2023"]
[EventDate "2012.05.30"]
[PlyCount "153"]

1.d4 Nf6 2.c4 e6 3.Nc3 c5 4.Nf3 cxd4 5.Nxd4 Bb4 6.g3 Qa5 7.Qd3 O-O 8.Nb3 
Qc7 9.Bd2 a6 10.Ne4 Bxd2+ 11.Nbxd2 Nxe4 12.Nxe4 Qa5+ 13.Qd2 Qxd2+ 14.Kxd2 
d5 15.cxd5 Rd8 16.d6 Bd7 17.Bg2 Bc6 18.Rhg1 f5 19.Nc5 Rxd6+ 20.Ke3 Bxg2 
21.Rxg2 b6 22.Nd3 Nd7 23.Rc1 Kf7 24.f4 h5 25.h3 Re8 26.g4 hxg4 27.hxg4 
fxg4 28.Rxg4 e5 29.f5 Nf6 30.Rg2 Nd5+ 31.Kf2 e4 32.Ne1 Rf6 33.Rg5 g6 34.
Ng2 gxf5 35.Rh1 Ke6 36.Rh7 Rc8 37.Rb7 f4 38.Ne1 Rc1 39.Ng2 Rc2 40.Rb8 f3 
41.Re8+ Kf7 42.Rxe4 fxg2+ 43.Kxg2 Nf4+ 44.Kg3 Nxe2+ 45.Kg4 Rxb2 46.Rge5 
Rxa2 47.Kg5 Kg7 48.Re7+ Rf7 49.Rxe2 Rxe2 50.Rxe2 Rc7 51.Re6 Rc5+ 52.Kf4 
Rb5 53.Ke4 Kf7 54.Rh6 Ke7 55.Kd4 Kd7 56.Kc4 Rc5+ 57.Kb4 a5+ 58.Ka4 Kc7 59.
Rh8 Kc6 60.Rc8+ Kd6 61.Rh8 Rc4+ 62.Ka3 b5 63.Rh5 Kc6 64.Rh6+ Kc5 65.Rh5+ 
Kb6 66.Rh6+ Rc6 67.Rh3 a4 68.Rh8 Rc3+ 69.Kb2 Rf3 70.Rh4 a3+ 71.Ka2 Ka5 72.
Rg4 b4 73.Rg8 Rf2+ 74.Kb1 a2+ 75.Ka1 Rf1+ 76.Kxa2 Rf2+ 77.Kb1 1/2-1/2

[Event "34th Asia-ch U20"]
[Site "Tashkent UZB"]
[Date "2012.05.31"]
[Round "2.11"]
[White "Aravindh, Chithambaram VR"]
[Black "Jumanov, Elbek"]
[Result "1-0"]
[WhiteElo "2228"]
[BlackElo "1941"]
[EventDate "2012.05.30"]
[PlyCount "73"]

1.e4 c5 2.Nf3 e6 3.d4 cxd4 4.Nxd4 Nf6 5.Nc3 d6 6.Be3 a6 7.f3 Be7 8.g4 Nc6 
9.Be2 Qc7 10.a4 Nxd4 11.Bxd4 O-O 12.g5 Nd7 13.Qd2 Ne5 14.a5 Nc4 15.Bxc4 
Qxc4 16.Ra4 Qc6 17.h4 d5 18.e5 Bc5 19.h5 b5 20.Bxc5 Qxc5 21.Rd4 Qc7 22.Qf4
Qe7 23.Nd1 f5 24.gxf6 gxf6 25.Ne3 f5 26.Rg1+ Kh8 27.h6 Rf7 28.Rd2 Bb7 29.
c3 Qc7 30.Nc2 Qxa5 31.Rg7 Raf8 32.Nd4 Bc8 33.Qg5 Qa1+ 34.Kf2 Qa5 35.Rd1 
Qa2 36.Rg1 Qxb2+ 37.Ne2 1-0

[Event "34th Asia-ch U20"]
[Site "Tashkent UZB"]
[Date "2012.05.31"]
[Round "2.12"]
[White "Yakubboev, Nodirbek"]
[Black "Saiyn, Zhanat"]
[Result "1-0"]
[WhiteElo "1909"]
[BlackElo "2180"]
[EventDate "2012.05.30"]
[PlyCount "121"]

1.d4 Nf6 2.Nf3 g6 3.c4 Bg7 4.g3 d5 5.cxd5 Nxd5 6.e4 Nb6 7.Nc3 Bg4 8.Be3 
Nc6 9.d5 Ne5 10.Be2 Bxf3 11.Bxf3 Nbc4 12.Bc1 Nxf3+ 13.Qxf3 c6 14.O-O cxd5 
15.Nxd5 e6 16.Ne3 Nxb2 17.Bxb2 Bxb2 18.Rab1 Bg7 19.Rxb7 O-O 20.Rd1 Qf6 21.
Qxf6 Bxf6 22.Rdd7 a5 23.Nc4 Rad8 24.Rdc7 Rd1+ 25.Kg2 g5 26.Nxa5 Rd2 27.Nc6
Rxa2 28.e5 Bg7 29.Rd7 g4 30.Nd8 Bh6 31.Rb4 Bg5 32.Rxg4 h6 33.Rd3 Kh7 34.
Nc6 Rc8 35.Rc4 Ra6 36.Rdc3 h5 37.h4 Bh6 38.Nd4 Rxc4 39.Rxc4 Ra2 40.Rc3 Kg7
41.Re3 Ra5 42.f4 Kg6 43.Kf3 Ra1 44.Rc3 Ra4 45.Nc6 Bf8 46.Ke3 Ra1 47.Nd4 
Bb4 48.Rb3 Bc5 49.Rd3 Ra4 50.Ke4 Rc4 51.f5+ exf5+ 52.Kd5 Rxd4+ 53.Rxd4 
Bxd4 54.Kxd4 f4 55.gxf4 Kf5 56.Ke3 Kg4 57.Ke4 Kxh4 58.Kf3 Kh3 59.f5 h4 60.
e6 fxe6 61.fxe6 1-0

[Event "34th Asia-ch U20"]
[Site "Tashkent UZB"]
[Date "2012.05.31"]
[Round "2.13"]
[White "Sattarov, Bobur"]
[Black "Shavdirov, Jahongir"]
[Result "1-0"]
[WhiteElo "2151"]
[BlackElo "1903"]
[EventDate "2012.05.30"]
[PlyCount "117"]

1.Nf3 c5 2.g3 Nc6 3.Bg2 g6 4.O-O Bg7 5.d3 d6 6.e4 e5 7.c3 Nge7 8.a4 O-O 9.
Na3 h6 10.Nc4 Be6 11.Re1 f5 12.exf5 Nxf5 13.Nfd2 Qd7 14.a5 Rf7 15.Ne4 Raf8
16.f4 Re7 17.fxe5 Nxe5 18.Nxe5 Bxe5 19.Nxc5 Bd4+ 20.cxd4 dxc5 21.dxc5 Qd4+
22.Kh1 Bd5 23.Rxe7 Nxe7 24.Ra4 Qxc5 25.Bxh6 Rf2 26.Bxd5+ Qxd5+ 27.Re4 Nf5 
28.Bf4 Rxb2 29.Qa4 Rb5 30.Qc4 Qxc4 31.Rxc4 g5 32.Bc1 Rxa5 33.Kg2 Nd6 34.
Rd4 Nf7 35.Kf3 Rf5+ 36.Ke2 a5 37.Bd2 Rb5 38.Bc3 Kh7 39.g4 b6 40.h3 Rb3 41.
Kd2 Rb1 42.Rd7 Kg8 43.Ke3 a4 44.Ke4 Rf1 45.Ra7 b5 46.d4 Kf8 47.Bb4+ Kg7 
48.Bc5 Re1+ 49.Kd5 Re3 50.Kc6 Rxh3 51.d5 Rg3 52.d6 Rd3 53.Kxb5 Kf6 54.Ra6 
Ke5 55.Kc4 Rd5 56.Ra5 Ke4 57.Kb5 Nxd6+ 58.Kc6 Rd3 59.Bxd6 1-0

[Event "34th Asia-ch U20"]
[Site "Tashkent UZB"]
[Date "2012.06.01"]
[Round "3.1"]
[White "Kozganbay, Erkin"]
[Black "Vakhidov, Jahongir"]
[Result "1-0"]
[WhiteElo "2317"]
[BlackElo "2439"]
[EventDate "2012.05.30"]
[PlyCount "81"]

1.c4 c5 2.g3 Nc6 3.Nc3 g6 4.Bg2 Bg7 5.Nf3 e5 6.d3 Nge7 7.Bg5 h6 8.Bxe7 
Nxe7 9.O-O O-O 10.Ne1 f5 11.Nc2 f4 12.Rb1 Kh8 13.b4 cxb4 14.Nxb4 d6 15.
Nbd5 Nf5 16.Qe1 Nd4 17.gxf4 exf4 18.Nxf4 Qg5 19.Nfd5 Qh5 20.Qd2 g5 21.f4 
Bg4 22.e3 Nf3+ 23.Bxf3 Bxf3 24.Qf2 Bg4 25.Ne4 Bh3 26.Rfe1 b6 27.Kh1 Qg6 
28.Qf3 Bd7 29.Qg2 g4 30.Rbd1 Rae8 31.Nf2 h5 32.Ne4 b5 33.Nc7 bxc4 34.Nxe8 
Rxe8 35.Ng5 Bh6 36.Qd5 Bxg5 37.Qxg5 Bc6+ 38.Kg1 Qe6 39.e4 cxd3 40.Qxh5+ 
Kg7 41.f5 1-0

[Event "34th Asia-ch U20"]
[Site "Tashkent UZB"]
[Date "2012.06.01"]
[Round "3.2"]
[White "Narayanan, Srinath"]
[Black "Alikulov, Elbek"]
[Result "1-0"]
[WhiteElo "2383"]
[BlackElo "2249"]
[EventDate "2012.05.30"]
[PlyCount "79"]

1.e4 c5 2.Nf3 d6 3.d4 cxd4 4.Nxd4 Nf6 5.Nc3 a6 6.h3 e5 7.Nde2 Be7 8.g4 O-O
9.Bg2 Be6 10.Ng3 Nbd7 11.Nf5 Ne8 12.Nxe7+ Qxe7 13.a4 Rc8 14.Bd2 Nef6 15.
O-O Bc4 16.Re1 Rfd8 17.Be3 Nf8 18.g5 Ne8 19.h4 Be6 20.Qf3 Rc4 21.Qg3 Rdc8 
22.Bd2 Qc7 23.Rad1 Nd7 24.Bf1 Rd4 25.Be3 Rb4 26.Bc1 Nc5 27.b3 Nd7 28.Bb2 
g6 29.Be2 Ng7 30.Rd2 Nc5 31.Qe3 Qa5 32.Red1 d5 33.Nxd5 Nxe4 34.Ne7+ Kf8 
35.Nxc8 Nf5 36.Rd8+ Kg7 37.Qf4 f6 38.gxf6+ Kxf6 39.R1d5 Nc3 40.Qxe5+ 1-0

[Event "34th Asia-ch U20"]
[Site "Tashkent UZB"]
[Date "2012.06.01"]
[Round "3.5"]
[White "Begmuratov, Alisher"]
[Black "Akhmetov, Ayan"]
[Result "1-0"]
[WhiteElo "2249"]
[BlackElo "2264"]
[EventDate "2012.05.30"]
[PlyCount "73"]

1.Nf3 d5 2.d4 Nf6 3.c4 c6 4.Nc3 dxc4 5.e3 b5 6.a4 Nd5 7.Ne5 Nxc3 8.bxc3 
Be6 9.Qf3 Qa5 10.Bd2 Qa6 11.Be2 f6 12.Qh5+ g6 13.Nxg6 Bf7 14.Nxh8 Bxh5 15.
Bxh5+ Kd8 16.Nf7+ Kc7 17.O-O Nd7 18.e4 e5 19.axb5 Qc8 20.bxc6 Kxc6 21.d5+ 
Kc7 22.f4 Bc5+ 23.Kh1 a5 24.fxe5 fxe5 25.Bg4 Qe8 26.Be2 Ra6 27.d6+ Bxd6 
28.Bxc4 Ra7 29.Nxd6 Kxd6 30.Be3 Rc7 31.Bf7 Qc8 32.Rad1+ Kc6 33.Be6 Qe8 34.
Bd5+ Kb5 35.Rb1+ Ka6 36.c4 Qg6 37.Rb5 1-0

[Event "34th Asia-ch U20"]
[Site "Tashkent UZB"]
[Date "2012.06.01"]
[Round "3.6"]
[White "Swayams, Mishra"]
[Black "Guseynov, Alihan"]
[Result "1/2-1/2"]
[WhiteElo "2420"]
[BlackElo "2134"]
[EventDate "2012.05.30"]
[PlyCount "117"]

1.d4 Nf6 2.c4 e6 3.Nc3 Bb4 4.e3 b6 5.Ne2 Ba6 6.a3 Bxc3+ 7.Nxc3 d5 8.cxd5 
Bxf1 9.Kxf1 exd5 10.Qf3 O-O 11.g4 Re8 12.Bd2 Na6 13.Rd1 c6 14.h4 Nc7 15.g5
Ne4 16.Nxe4 dxe4 17.Qg3 Nd5 18.Kg2 f5 19.gxf6 Qxf6 20.h5 Rf8 21.Rh4 Rae8 
22.Rg4 Qf3+ 23.Qxf3 exf3+ 24.Kh3 Nf6 25.Rf4 Ne4 26.Be1 Rxf4 27.exf4 Rf8 
28.d5 Rd8 29.d6 Rxd6 30.Rxd6 Nxd6 31.Kg4 Kf7 32.Kxf3 Ke6 33.Bc3 Ne8 34.Kg4
Nf6+ 35.Kh4 Kf5 36.Be5 Ne4 37.f3 Nf6 38.Bb8 a6 39.Bd6 g6 40.hxg6 hxg6 41.
Kg3 Nh5+ 42.Kf2 Nxf4 43.Ke3 Ne6 44.Bb8 a5 45.Bd6 a4 46.Bb8 c5 47.Kd3 b5 
48.Bd6 g5 49.Ke3 c4 50.Bb4 Nf4 51.Bf8 Nd3 52.Bg7 Ne5 53.Bf8 Nc6 54.Bg7 Nd8
55.Bc3 Ne6 56.Bb4 Nf4 57.Bf8 Ke5 58.Bg7+ Kd5 59.Bf6 1/2-1/2

[Event "34th Asia-ch U20"]
[Site "Tashkent UZB"]
[Date "2012.06.01"]
[Round "3.7"]
[White "Sattarov, Bobur"]
[Black "Saeed, Ishaq"]
[Result "0-1"]
[WhiteElo "2151"]
[BlackElo "2240"]
[EventDate "2012.05.30"]
[PlyCount "142"]

1.e4 c6 2.d3 d5 3.Nd2 g6 4.Ngf3 Bg7 5.g3 e5 6.Qe2 d4 7.h4 Bg4 8.Bh3 Bxh3 
9.Rxh3 h5 10.Nc4 Qc7 11.a4 Nd7 12.Bd2 Ne7 13.Bb4 c5 14.Bd2 b6 15.Rh1 a6 
16.Kf1 Rb8 17.Kg2 b5 18.axb5 axb5 19.Na3 Qc6 20.c4 dxc3 21.bxc3 O-O 22.c4 
b4 23.Nb5 Ra8 24.Bg5 f6 25.Be3 Rfd8 26.Nd2 Nf8 27.Nb3 Ne6 28.Rxa8 Rxa8 29.
g4 hxg4 30.Qxg4 Ra2 31.Ra1 Rb2 32.Qd1 Nf4+ 33.Bxf4 exf4 34.Rb1 Ra2 35.Qg4 
Bh6 36.Kg1 Kf7 37.Nc1 Rd2 38.Kf1 f5 39.Qf3 fxe4 40.dxe4 Qe6 41.Nd3 Kg7 42.
Rc1 Nc6 43.Nxc5 Qf6 44.Nd3 Qxh4 45.e5 Rxd3 46.Qxc6 f3 47.Qf6+ Qxf6 48.
exf6+ Kxf6 49.Rb1 b3 50.c5 Rd5 51.Nc3 Rh5 52.Kg1 Ke6 53.Rxb3 Rxc5 54.Ne4 
Rc1+ 55.Kh2 Kf5 56.Ng3+ Kg4 57.Rb6 Kg5 58.Rb5+ Kf4 59.Rb4+ Ke5 60.Rb5+ Kd4
61.Rb6 Bf4 62.Rb4+ Rc4 63.Rxc4+ Kxc4 64.Kh3 Kd3 65.Nh1 Ke2 66.Kg4 g5 67.
Kh3 Kf1 68.Ng3+ Bxg3 69.Kxg3 Ke2 70.Kh3 Kxf2 71.Kh2 Ke2 0-1

[Event "34th Asia-ch U20"]
[Site "Tashkent UZB"]
[Date "2012.06.01"]
[Round "3.8"]
[White "Igonin, Temur"]
[Black "Aravindh, Chithambaram VR"]
[Result "0-1"]
[WhiteElo "1917"]
[BlackElo "2228"]
[EventDate "2012.05.30"]
[PlyCount "70"]

1.e4 c5 2.Nf3 Nc6 3.d4 cxd4 4.Nxd4 Nf6 5.Nc3 e5 6.Ndb5 d6 7.Bg5 a6 8.Na3 
b5 9.Nd5 Be7 10.Bxf6 Bxf6 11.c4 b4 12.Nc2 a5 13.g3 Bg5 14.h4 Bh6 15.Bh3 
Bxh3 16.Rxh3 O-O 17.Kf1 Rc8 18.Qd3 Ne7 19.Nde3 Qd7 20.Kg2 Qc6 21.Kg1 g6 
22.Rd1 Rfd8 23.b3 Qd7 24.Rh1 Rc5 25.Kh2 Qe6 26.Qe2 f5 27.exf5 gxf5 28.Qh5 
Rf8 29.Rhe1 Kh8 30.Kh1 f4 31.Ng4 Bg7 32.Rd2 e4 33.Nd4 Bxd4 34.Qh6 Qxh6 35.
Nxh6 Bc3 0-1

[Event "34th Asia-ch U20"]
[Site "Tashkent UZB"]
[Date "2012.06.01"]
[Round "3.11"]
[White "Sapaev, Maksad"]
[Black "Yakubboev, Nodirbek"]
[Result "0-1"]
[WhiteElo "2147"]
[BlackElo "1909"]
[EventDate "2012.05.30"]
[PlyCount "96"]

1.e4 e6 2.d4 d5 3.Nc3 Nf6 4.Bg5 Be7 5.e5 Nfd7 6.h4 Bxg5 7.hxg5 Qxg5 8.Nh3 
Qe7 9.Nf4 a6 10.Qg4 g6 11.Nd3 b6 12.b4 Bb7 13.Rb1 Nf8 14.f4 Nc6 15.Ne2 a5 
16.b5 Nb4 17.Nxb4 axb4 18.Nc1 h5 19.Qh4 Ra4 20.Qxe7+ Kxe7 21.Rb2 Nd7 22.
Rh3 b3 23.axb3 Rxd4 24.Rc3 Rc8 25.Nd3 g5 26.Ra2 Kd8 27.Ra7 Rb8 28.g3 gxf4 
29.gxf4 Nf8 30.Be2 h4 31.Bh5 Ng6 32.Bxg6 fxg6 33.Kf2 Re4 34.Ra1 Kd7 35.Re1
Rh8 36.Rh1 d4 37.Rc4 g5 38.Rg1 h3 39.Rxg5 Rh7 40.Ra4 h2 41.Ra1 Re3 42.Nb4 
h1=Q 43.Rxh1 Bxh1 44.Rg4 Be4 45.Na6 Rh2+ 46.Kf1 Rxc2 47.Rg7+ Kc8 48.b4 
Bd3+ 0-1

[Event "34th Asia-ch U20"]
[Site "Tashkent UZB"]
[Date "2012.06.01"]
[Round "3.12"]
[White "Saydaliev, Saidakbar"]
[Black "Artemenko, Oleg"]
[Result "1/2-1/2"]
[WhiteElo "1867"]
[BlackElo "2298"]
[EventDate "2012.05.30"]
[PlyCount "143"]

1.Nf3 c5 2.g3 Nc6 3.Bg2 d5 4.d4 e6 5.O-O Nf6 6.b3 cxd4 7.Nxd4 Bc5 8.Bb2 
O-O 9.e3 Qc7 10.Nd2 e5 11.Nxc6 bxc6 12.c4 Qe7 13.Qc2 Ba6 14.Rfd1 Rac8 15.
Nf3 Bd6 16.Nh4 g6 17.Nf3 Rfe8 18.Rac1 Bb7 19.Kh1 Rcd8 20.Kg1 Ba8 21.Kh1 
Nd7 22.Bc3 Rc8 23.Qd2 Nf6 24.Bb2 Bb7 25.Kg1 Bb8 26.Qa5 Ne4 27.Nd2 Nc5 28.
Qc3 Bd6 29.Nf3 Ne4 30.Qc2 Rcd8 31.Nd2 Nf6 32.Nf3 h6 33.Kh1 Qe6 34.Kg1 Kh7 
35.Kh1 Ne4 36.Kg1 Ng5 37.Nxg5+ hxg5 38.Qd3 Bb8 39.cxd5 cxd5 40.Rc5 e4 41.
Qc3 Rg8 42.Qf6 Qxf6 43.Bxf6 Rc8 44.Rdc1 g4 45.Bf1 Bd6 46.Rxc8 Rxc8 47.Rxc8
Bxc8 48.Bd4 a5 49.Bb6 Bb4 50.Bb5 f5 51.a3 Bxa3 52.Bxa5 Bc5 53.Bc3 Bb7 54.
b4 Bd6 55.Bd7 Kg8 56.Ba4 Kf7 57.Bb5 Ke6 58.Kf1 Bc8 59.Ke2 Bd7 60.Ba6 Ba4 
61.Kd2 Kd7 62.Kc1 Kc7 63.Kb2 Kb6 64.Bc8 Kc7 65.Be6 d4 66.Bxd4 Bxb4 67.Bc3 
Be7 68.Bf7 g5 69.Be6 Bd7 70.Bxd7 Kxd7 71.Kb3 Ke6 72.Kc4 1/2-1/2

[Event "34th Asia-ch U20"]
[Site "Tashkent UZB"]
[Date "2012.06.01"]
[Round "3.14"]
[White "Jumanov, Elbek"]
[Black "Shavdirov, Jahongir"]
[Result "1-0"]
[WhiteElo "1941"]
[BlackElo "1903"]
[EventDate "2012.05.30"]
[PlyCount "55"]

1.Nf3 c5 2.c4 Nc6 3.g3 g6 4.d4 cxd4 5.Nxd4 Bg7 6.Nc2 Nf6 7.Nc3 O-O 8.Bg2 
d6 9.O-O Be6 10.b3 Qa5 11.Bd2 Qh5 12.e4 Bg4 13.f3 Bh3 14.Rc1 Ne5 15.Qe2 
Nfd7 16.Nd5 e6 17.Nf4 Bxg2 18.Kxg2 Qg5 19.Nxe6 Qe7 20.Nxf8 Nxf8 21.Nb4 Ne6
22.Nd5 Qf8 23.Bc3 Nc6 24.Bxg7 Qxg7 25.Rf2 Ncd4 26.Qb2 Nc5 27.Rd1 Nce6 28.
Rfd2 1-0

[Event "34th Asia-ch U20"]
[Site "Tashkent UZB"]
[Date "2012.06.02"]
[Round "4.2"]
[White "Ankit, R. Rajpara"]
[Black "Kozganbay, Erkin"]
[Result "1/2-1/2"]
[WhiteElo "2412"]
[BlackElo "2317"]
[EventDate "2012.05.30"]
[PlyCount "53"]

1.e4 e5 2.Nf3 Nc6 3.Bc4 Bc5 4.d3 Nf6 5.Nbd2 a6 6.O-O d6 7.c3 O-O 8.h3 Ba7 
9.Bb3 Be6 10.Bc2 h6 11.Re1 Ne7 12.d4 Ng6 13.Nf1 Nh7 14.Be3 Ng5 15.N1h2 Qf6
16.Nxg5 hxg5 17.Bb3 Nf4 18.Bxe6 Qxe6 19.g3 Qg6 20.dxe5 Nxh3+ 21.Kg2 Nf4+ 
22.gxf4 gxf4+ 23.Qg4 fxe3 24.Qxg6 fxg6 25.fxe3 dxe5 26.Kg1 Rad8 27.Rad1 
1/2-1/2